В лесу родилась елочка (Запись № 11578782)

Подробности
000 -МАРКЕР
контрольное поле 04916ncm0a2200433 4500
001 - ИДЕНТИФИКАТОР ЗАПИСИ
контрольное поле RU\NLR\ONIZ\217371
005 - ИДЕНТИФИКАТОР ВЕРСИИ
контрольное поле 20250626062546.0
035 ## - ДРУГИЕ СИСТЕМНЫЕ НОМЕРА
Идентификатор записи (NLR Aleph) 011414868
100 ## - ДАННЫЕ ОБЩЕЙ ОБРАБОТКИ
Данные общей обработки 20170511d2016 |||y0rusy50 ca
101 0# - ЯЗЫК РЕСУРСА
Язык текста, звукозаписи и т.д. русский
102 ## - СТРАНА ПУБЛИКАЦИИ ИЛИ ПРОИЗВОДСТВА
Страна публикации Российская Федерация
125 ## - ПОЛЕ КОДИРОВАННЫХ ДАННЫХ: ЗВУКОЗАПИСИ И НОТНЫЕ ИЗДАНИЯ
Форма изложения нотного текста ab
145 0# - ПОЛЕ КОДИРОВАННЫХ ДАННЫХ: СРЕДСТВО ИСПОЛНЕНИЯ МУЗЫКАЛЬНОГО ПРОИЗВЕДЕНИЯ (УСТАРЕВШЕЕ)
Тип средства исполнения b
200 1# - ЗАГЛАВИЕ И СВЕДЕНИЯ ОБ ОТВЕТСТВЕННОСТИ
Основное заглавие В лесу родилась елочка
Общее обозначение материала Ноты
Сведения, относящиеся к заглавию 4 шуточных пьесы-коллажа
-- [для скрипки, виолончели и фп.]
Первые сведения об ответственности А. Оратовский
210 ## - ПУБЛИКАЦИЯ, РАСПРОСТРАНЕНИЕ И ДР.
Место издания, распространения и т.д. Санкт-Петербург
Имя издателя, распространителя и т. д. [Б. и.]
Дата издания, распространения и т.д. 2016
215 ## - ФИЗИЧЕСКАЯ ХАРАКТЕРИСТИКА
Специфическое обозначение материала и объем 37, [2] с., 2 парт. (8, 8 с.)
Другие сведения о физической характеристике ил.
Размеры 29 см
300 ## - ОБЩИЕ ПРИМЕЧАНИЯ
Текст примечания Содерж. на тит. л.
300 ## - ОБЩИЕ ПРИМЕЧАНИЯ
Текст примечания Лит. текст и перечень произведений, вошедших в коллаж: с. [1-2]
313 ## - ПРИМЕЧАНИЯ, ОТНОСЯЩИЕСЯ К ТЕМАТИЧЕСКОМУ ДОСТУПУ
Текст примечания Систематизация документа проведена по изданию - Методика классифицирования музыкальных произведений (нотных изданий) по таблицам Библиотечно-библиографических классификаций : метод. рекомендации / Гос. б-ка СССР им. В.И. Ленина.- М., 1977. Индексу ББК методических рекомендаций присваивается код ББК для научных библиотек - LBC/SL
316 ## - ПРИМЕЧАНИЯ ОБ ОСОБЕННОСТЯХ ЭКЗЕМПЛЯРА
Связь между полями b11899
Текст примечания На тит. л.: автограф композитора
Организация и экземпляр, к которому относится поле NLR
327 1# - ПРИМЕЧАНИЯ О СОДЕРЖАНИИ
Текст примечания 1. В лесу родилась елочка : (новогодний сон ученика музыкальной школы) / пересказал А. Оратовский.
-- 2. Полет шмеля над гнездом кукушки / шмель: Н. Римский-Корсаков ; пролетают: Л. Дакен, П. Дюка, П. Чайковский, Н. Паганини, Р. Вагнер ; диспетчер полета: А. Оратовский.
-- 3. Привет из Бонна / от Л. ван Бетховена ; передал А. Оратовский, хотя Бетховен его об этом и не просил.
-- 4. Русская окрошка
464 #0 - АНАЛИТИЧЕСКИЙ УРОВЕНЬ
Встроенное поле 2001#$aВ лесу родилась елочка$e(новогодний сон ученика музыкальной школы)$fпересказал А. Оратовский
-- 215##$aС.4-15
Заглавие В лесу родилась елочка
464 #0 - АНАЛИТИЧЕСКИЙ УРОВЕНЬ
Встроенное поле 2001#$aПолет шмеля над гнездом кукушки$fшмель: Н. Римский-Корсаков$gпролетают: Л. Дакен, П. Дюка, П. Чайковский, Н. Паганини, Р. Вагнер$gдиспетчер полета: А. Оратовский
-- 215##$aС.16-25
-- 702#1$9z01790$aРимский-Корсаков$bН. А.$gНиколай Андреевич$f1844–1908$4245$7ca
-- 702#1$9z02790$aДакен$bЛ.К.$gЛуи-Клод$f1694-1772$4245$7ca
-- 702#1$9z03790$aДюка$bП. А.$gПоль Абрахам$f1865-1935$4245$7ca
-- 702#1$9z04790$aЧайковский$bП. И.$gПетр Ильич$f1840–1893$4245$7ca
-- 702#1$9z05790$aПаганини$bН.$gНиколо$f1782-1840$4245$7ca
-- 702#1$9z06790$aВагнер$bР.$gРихард$f1813-1883$4245$7ca
-- 790#1$9z01702$aRimskij-Korsakov$bN. A.$gNicolaj Andreevich$f1844–1908$4245$7ba
-- 790#1$9z02702$aDaquin$bL.C.$gLouis-Claude$f1694-1772$4245$7ba
-- 790#1$9z03702$aDukas$bP. A.$gPaul Abraham$f1865-1935$4245$7ba
-- 790#1$9z04702$aTchaikovsky$bP. I.$gPeter Ilyich$f1840-1893$4245$7ba
-- 790#1$9z05702$aPaganini$bN.$gNicolò$f1782-1840$4245$7ba
-- 790#1$9z06702$aWagner$bR.$gRichard$f1813-1883$4245$7ba
Заглавие Полет шмеля над гнездом кукушки
464 #0 - АНАЛИТИЧЕСКИЙ УРОВЕНЬ
Встроенное поле 2001#$aПривет из Бонна$fот Л. ван Бетховена$gпередал А. Оратовский, хотя Бетховен его об этом и не просил
-- 215##$aС.26-31
-- 702#1$9z01790$aБетховен$bЛ. ван$gЛюдвиг ван$f1770-1827$4245$7ca
-- 790#1$9z01702$aBeethoven$bL. van$gLudwig van$f1770-1827$4245$7ba
Заглавие Привет из Бонна
464 #0 - АНАЛИТИЧЕСКИЙ УРОВЕНЬ
Встроенное поле 2001#$aРусская окрошка
-- 215##$aС.32-37
Заглавие Русская окрошка
606 1# - НАИМЕНОВАНИЕ ТЕМЫ КАК ПРЕДМЕТ
Наименование темы Музыканты смеются
Географический подзаголовок Россия
Хронологический подзаголовок 20-21 вв.
Формальный подзаголовок Ноты
Код системы nlr_sh
606 1# - НАИМЕНОВАНИЕ ТЕМЫ КАК ПРЕДМЕТ
Наименование темы Произведения для струнного ансамбля и фортепиано
Формальный подзаголовок Ноты
Код системы nlr_sh
686 ## - ИНДЕКСЫ ДРУГИХ КЛАССИФИКАЦИЙ
Индекс Щ952.542.8(2Р)я44
Издание LBC/SL
Код системы
700 #1 - ИМЯ ЛИЦА - ПЕРВИЧНАЯ ОТВЕТСТВЕННОСТЬ
Системный номер авторитетной/нормативной записи z01790
Начальный элемент ввода Оратовский
Часть имени, кроме начального элемента ввода А. С.
Даты 1950-
Расширение инициалов личного имени Александр Семёнович
Код отношения Аранжировщик, Оркестровщик, Реализатор генерал-баса (редуцированной нотации)
Графика поля Кириллица
790 #1 - ИМЯ ЛИЦА - АЛЬТЕРНАТИВНАЯ ФОРМА
Системный номер авторитетной/нормативной записи z01700
Начальный элемент ввода Oratovskij
Часть имени, кроме начального элемента ввода A. S.
Даты 1950-
Расширение инициалов личного имени Aleksandr Semenovich
Код отношения Аранжировщик, Оркестровщик, Реализатор генерал-баса (редуцированной нотации)
Графика поля Латинская
801 #0 - ИСТОЧНИК ЗАПИСИ
Страна Российская Федерация
Организация NLR
Дата составления 20170511
Правила каталогизации PSBO
801 #1 - ИСТОЧНИК ЗАПИСИ
Страна Российская Федерация
Организация NLR
Дата составления 20170511
Источник данных rusmarc
801 #2 - ИСТОЧНИК ЗАПИСИ
Страна Российская Федерация
Организация NLR
Дата составления 20180917
852 ## - МЕСТОНАХОЖДЕНИЕ И ШИФР ХРАНЕНИЯ
-- b11316
Идентификатор организации NLR
Наименование фонда или коллекции (Sub-Location Identifier) М
Шифр хранения (Call Number) 986/787
Страна
Номер экземпляра 1
942 ## - ДОПОЛНИТЕЛЬНЫЕ ЭЛЕМЕНТЫ ЗАПИСИ (АБИС)
Тип экземпляра АБИС Ноты
980 ## - КОЛЛЕКЦИЯ
Название коллекции Национальная библиография
980 ## - КОЛЛЕКЦИЯ
Название коллекции Отдел нот и звукозаписей
Экземпляры
Тип экземпляра Дата поступления Библиотека постоянного хранения Библиотека текущего хранения Место хранения Шифр хранения Статус экземпляра
Ноты 11.05.2017 РНБ (Московский) РНБ (Московский) Фонд нот и звукозаписей 986/787 986/787